1697 1029 1760 1478 1557 1259 1557 1144 1985 1929 1191 1963 1984 1902 1276 1362 1425 1431 1076 1866 1955 1239 1273 1925 1232 1901 1691 1757 1892 1251 1045 1141 1006 1655 1481 1717 1645 1948 1340 1175 1726 1997 1939 1091 1411 1999 1958 1927 1712 1046 1102 1629 1721 1666 1449 1634 1917 1592 1384 1685 1027 1251 1823 1950 1761 1727 1760 1611 1933 1542 1117 1557 1807 1889 1834 1986 1256 1847 1416 1613 1793 1039 1695 1033 1928 1009 1751 1078 1716 1748 1541 1410 1972 1876 1053 1563 1828 1398 1253 BCNSPRNW ULIB Ver.6.0+V

เปลี่ยนเป็นภาษาไทย

Change to English
 แสดงรายละเอียดบรรณานุกรม
  กลับหน้าหลัก

Brief Record : Get Marc (ISO 2709) : E-mail record : QR code < ปิดหน้าต่าง
LEADER : 00000nam 2200000uu 4500
001    13399114397
003     ULIB
008    120327s2551||||th 000 0 tha d
020    ^a9789741383696
090    ^aนว.^bพ626จ 2551
100 0  ^aพาสเวิร์ด
245 00 ^aเจ้าหัวใจทะเลทราย/^cพาสเวิร์ด
250    ^aพิมพ์ครั้งที่ 3
260    ^aกรุงเทพฯ :^bอักษรศาสตร์,^c2551
300    ^a267 หน้า
710 1  ^aอักษรศาสตร์
945    ^p229^l0^i15405
995    ^aกัณชพร
999    ^aใช้งานได้ทุกระบบ
รายการนี้ยังไม่มีแท็ก
คุณยังไม่ได้ล็อกอิน คุณสามารถมีกิจกรรมร่วมกับเว็บไซต์ได้ แต่ต้องล็อกอินก่อน ::
  ล็อกอิน

รายการสื่อสารสนเทศ

ลำดับที่ ประเภท เลขเรียก/บาร์โค้ด สถานที่ สถานะ
1. วิทยาศาสตร์การแพทย์ และสุขภาพ
วิทยาศาสตร์การแพทย์ และสุขภาพ
นว. พ626จ 2551  
  Barcode: 15405
ห้องสมุดวิทยาเขตสวรรค์ประชารักษ์
►นวนิยาย
บนชั้น
  ขอยืม

รายการใกล้เคียง
    ผู้แต่ง [พาสเวิร์ด]

BibComment


ยังไม่เคยถูกคอมเมนท์

คอมเมนท์ทรัพยากรรายการนี้
  คอมเมนท์: เจ้าหัวใจทะเลทรา..


 Copyright 2026. Bcnsprnw @Library